| 000 | 00756nam a22001817a 4500 | ||
|---|---|---|---|
| 999 |
_c372115 _d372115 |
||
| 008 | 201127b ||||| |||| 00| 0 eng d | ||
| 040 |
_aDE-2950 _bger _cDE-2950 _erda |
||
| 041 | _ager | ||
| 245 |
_aMit der Pistole im Rücken. _bDDR-Zwangsarbeit. Im Arbeits- und Erziehungslager Rüdersdorf sollten Jugendliche in den 1960er Jahren mit Gewalt "umerzogen" werden / _cChristina Flöhr |
||
| 264 | _c2023 | ||
| 653 | _aRüdersdorf bei Berlin | ||
| 653 | _aArbeits- und Erziehungslager für Jugendliche | ||
| 773 |
_dFrankfurt (Oder) Märkisches Verlags- und Druckhaus GmbH & Co KG _tMärkische Oderzeitung _g34. Jahrgang (2023) Nr. 9 vom 11.01.2023, S. 20: mit Foto |
||
| 942 | _cA | ||